Comarcas de la Región de Murcia - Estadísticas

Estadísticas generales
  • Esta prueba ha sido intentada 89 veces
  • La puntuación promedio es 7 de 12
Estadísticas de respuestas
Comarca % Correcto
Altiplano
80%
Campo de Cartagena
77%
Noroeste
67%
Huerta de Murcia
64%
Mar Menor
58%
Vega Alta
58%
Bajo Guadalentín
56%
Alto Guadalentín
53%
Vega Media
52%
Valle de Ricote
44%
Río Mula
42%
Oriental
32%
No se encontraron pruebas coincidentes
Distribución de puntuación
Porcentaje de gente con cada puntuación
Porcentaje por número respondido
Historial de tus puntuaciones
No has intentado esta prueba.